[Event "Berlin tt 0001"]
[Site "Berlin"]
[Date "2001.04.08"]
[Round "8.8"]
[White "Hargens, Thomas"]
[Black "Kaiser, Joachim"]
[Result "1-0"]
[WhiteElo "2267"]
[BlackElo "2084"]
[PlyCount "59"]
[EventDate "2000.10.22"]
[EventType "team"]
[EventRounds "11"]
[EventCountry "GER"]
[SourceTitle "EXT 2007"]
[Source "ChessBase"]
[SourceDate "2006.11.23"]
[SourceVersion "1"]
[SourceVersionDate "2006.11.23"]
[SourceQuality "1"]

1. d4 d5 2. Nf3 Nf6 3. Bf4 c5 4. c3 Qb6 5. Qb3 Qxb3 6. axb3 cxd4 7. Nxd4 Nc6 8. Nb5 e5 9. Nc7+ Kd8 10. Bxe5 Nxe5 11. Nxa8 Nc6 12. b4 Bf5 13. Nd2 Kc8 14. b5 Nb4 15. cxb4 Bxb4 16. Ra4 Bxd2+ 17. Kxd2 Ne4+ 18. Ke1 Kb8 19. f3 Nc5 20. Ra3 Kxa8 21. g4 Bd7 22. e3 h5 23. g5 d4 24. exd4 Ne6 25. Kf2 Nxg5 26. d5 h4 27. Rg1 f6 28. Re3 Bf5 29. Bg2 Rc8 30. Ra1 1-0

[Event "BL2-Nord 9596"]
[Site "Germany"]
[Date "1996.??.??"]
[Round "?.8"]
[White "Hargens, Thomas"]
[Black "Schulze, Sven"]
[Result "1-0"]
[WhiteElo "2280"]
[BlackElo "2165"]
[PlyCount "91"]
[EventDate "1995.10.??"]
[EventType "team-tourn"]
[EventRounds "9"]
[EventCountry "GER"]
[SourceTitle "GER-chT2"]
[Source "ChessBase"]
[SourceDate "1999.07.01"]
[SourceVersion "1"]
[SourceVersionDate "1999.07.01"]
[SourceQuality "1"]
[WhiteTeam "Koenig Tegel"]
[BlackTeam "Hamburg Diogenes"]
[WhiteTeamCountry "GER"]
[BlackTeamCountry "GER"]

1. d4 Nf6 2. Nf3 g6 3. Bf4 Bg7 4. h3 d6 5. e3 0-0 6. Bc4 c6 7. a4 Nbd7 8. 0-0 Ne4 9. Bb3 Ndf6 10. Ne1 d5 11. f3 Nd6 12. Nd2 Nf5 13. Qe2 Nh5 14. Bh2 Nhg3 15. Qf2 Nxf1 16. Nxf1 b6 17. c3 Nd6 18. Rd1 Bb7 19. Bf4 Kh8 20. g4 f6 21. Qh2 Qd7 22. h4 Nf7 23. g5 e5 24. dxe5 fxe5 25. Bg3 Qe7 26. Rd2 Ba6 27. Rg2 e4 28. f4 Nd6 29. Bf2 Bxf1 30. Kxf1 Qf7 31. Bd1 Nf5 32. h5 gxh5 33. Bxh5 Qe6 34. Qh3 d4 35. cxd4 Nxd4 36. Bg4 Qc4+ 37. Kg1 Ne2+ 38. Kh1 Rae8 39. Rh2 h6 40. f5 Nc1 41. f6 Qf7 42. Bh5 Qe6 43. Bxe8 Qxh3 44. Rxh3 Rxe8 45. fxg7+ Kxg7 46. Rxh6 1-0

[Event "BL2-Nord 9596"]
[Site "Germany"]
[Date "1996.??.??"]
[Round "?.8"]
[White "Schulz, Rainer"]
[Black "Hargens, Thomas"]
[Result "1/2-1/2"]
[WhiteElo "2265"]
[BlackElo "2280"]
[PlyCount "46"]
[EventDate "1995.10.??"]
[EventType "team-tourn"]
[EventRounds "9"]
[EventCountry "GER"]
[SourceTitle "GER-chT2"]
[Source "ChessBase"]
[SourceDate "1999.07.01"]
[SourceVersion "1"]
[SourceVersionDate "1999.07.01"]
[SourceQuality "1"]
[WhiteTeam "Neukoelln"]
[BlackTeam "Koenig Tegel"]
[WhiteTeamCountry "GER"]
[BlackTeamCountry "GER"]

1. d4 Nf6 2. c4 c5 3. d5 b5 4. cxb5 a6 5. b6 Qxb6 6. Nc3 d6 7. e4 g6 8. Nf3 Bg4 9. Qa4+ Bd7 10. Qb3 Qb4 11. Bc4 Bg7 12. 0-0 0-0 13. Bg5 h6 14. Bh4 Bb5 15. Bxb5 axb5 16. Nd2 Nbd7 17. Kh1 Ne5 18. Qc2 c4 19. a3 Qc5 20. b4 cxb3 21. Nxb3 Qc4 22. Nd2 Qc5 23. Nb3 Qc4 1/2-1/2

[Event "BL2-Nord 9394"]
[Site "Germany"]
[Date "1994.??.??"]
[Round "?.2"]
[White "Borik, Otto"]
[Black "Hargens, Thomas"]
[Result "1-0"]
[WhiteElo "2415"]
[BlackElo "2280"]
[PlyCount "71"]
[EventDate "1993.10.??"]
[EventType "team-tourn"]
[EventRounds "9"]
[EventCountry "GER"]
[SourceTitle "GER-chT2"]
[Source "ChessBase"]
[SourceDate "1999.07.01"]
[SourceVersion "1"]
[SourceVersionDate "1999.07.01"]
[SourceQuality "1"]
[WhiteTeam "Delmenhorst"]
[BlackTeam "Koenig Tegel"]
[WhiteTeamCountry "GER"]
[BlackTeamCountry "GER"]

1. d4 Nf6 2. Nf3 e6 3. e3 c5 4. Bd3 d5 5. c3 Nc6 6. 0-0 Qc7 7. Nbd2 Bd7 8. Qe2 Be7 9. dxc5 Bxc5 10. e4 Bd6 11. exd5 Nxd5 12. g3 Be7 13. Ne4 e5 14. Bc4 Nb6 15. Bb3 f6 16. Be3 Na5 17. Nh4 0-0-0 18. Nd2 g5 19. Ng2 f5 20. Rfe1 Bf6 21. Bxb6 Qxb6 22. Ne3 e4 23. g4 Rhe8 24. gxf5 Qc5 25. Be6 Bxe6 26. fxe6 Rxe6 27. b4 Qd6 28. Rad1 Nc6 29. Nxe4 Qe5 30. Nc5 Rxd1 31. Rxd1 Rd6 32. Rxd6 Qxd6 33. Nc4 Qe7 34. Qf3 Ne5 35. Qf5+ Kc7 36. Ne6+ 1-0

[Event "BL2-Nord 9394"]
[Site "Germany"]
[Date "1994.??.??"]
[Round "?.3"]
[White "Hargens, Thomas"]
[Black "Federau, Juergen"]
[Result "1-0"]
[WhiteElo "2280"]
[BlackElo "2305"]
[PlyCount "103"]
[EventDate "1993.10.??"]
[EventType "team-tourn"]
[EventRounds "9"]
[EventCountry "GER"]
[SourceTitle "GER-chT2"]
[Source "ChessBase"]
[SourceDate "1999.07.01"]
[SourceVersion "1"]
[SourceVersionDate "1999.07.01"]
[SourceQuality "1"]
[WhiteTeam "Koenig Tegel"]
[BlackTeam "Kreuzberg"]
[WhiteTeamCountry "GER"]
[BlackTeamCountry "GER"]

1. Nf3 d5 2. g3 Bg4 3. Bg2 Nd7 4. h3 Bxf3 5. Bxf3 c6 6. d3 e5 7. 0-0 Bc5 8. c4 dxc4 9. dxc4 Ngf6 10. Nc3 0-0 11. Na4 Be7 12. Be3 Qc7 13. Qc2 Rfe8 14. Rfd1 h6 15. a3 Red8 16. Bg2 Nh7 17. h4 Nhf6 18. Bh3 b6 19. Rd2 Nf8 20. Rad1 Rxd2 21. Rxd2 Rd8 22. Nc3 Rxd2 23. Qxd2 N8d7 24. Bf5 Bc5 25. b4 Bxe3 26. Qxe3 Qd6 27. Qd3 Qxd3 28. Bxd3 g5 29. Kg2 Kf8 30. Bf5 Ke7 31. e3 Ne8 32. hxg5 hxg5 33. Ne4 Nd6 34. Nxd6 Kxd6 35. Bxd7 Kxd7 36. e4 Ke6 37. Kf3 Kf6 38. Kg4 Kg6 39. b5 cxb5 40. cxb5 f6 41. f3 Kg7 42. Kf5 Kf7 43. g4 Ke7 44. Kg6 Ke6 45. Kg7 Ke7 46. a4 Ke6 47. Kf8 Kd6 48. Kf7 Kc5 49. Kxf6 Kb4 50. Kxe5 Kxa4 51. Kd5 Kxb5 52. e5 1-0

[Event "BL2-Nord 9394"]
[Site "Germany"]
[Date "1994.??.??"]
[Round "?.3"]
[White "Hargens, Thomas"]
[Black "Paulsen, Dirk"]
[Result "0-1"]
[WhiteElo "2280"]
[BlackElo "2330"]
[PlyCount "118"]
[EventDate "1993.10.??"]
[EventType "team-tourn"]
[EventRounds "9"]
[EventCountry "GER"]
[SourceTitle "GER-chT2"]
[Source "ChessBase"]
[SourceDate "1999.07.01"]
[SourceVersion "1"]
[SourceVersionDate "1999.07.01"]
[SourceQuality "1"]
[WhiteTeam "Koenig Tegel"]
[BlackTeam "Lasker Steglitz"]
[WhiteTeamCountry "GER"]
[BlackTeamCountry "GER"]

1. e4 Nf6 2. e5 Nd5 3. c4 Nb6 4. Nc3 c5 5. d4 cxd4 6. Qxd4 Nc6 7. Qe4 e6 8. Nf3 d5 9. exd6 Bxd6 10. Be3 Qe7 11. Rd1 Bb4 12. Qc2 0-0 13. Be2 Bd7 14. 0-0 Bc5 15. Bc1 f5 16. Rfe1 Rac8 17. Bf1 Qf6 18. Bg5 Qg6 19. Be3 Bxe3 20. Rxe3 Qf6 21. c5 Nb4 22. Qb3 N6d5 23. Nxd5 Nxd5 24. Ree1 Rxc5 25. Qxb7 Rc7 26. Qb3 Bc8 27. Nd4 Rb7 28. Qc2 Nf4 29. Nb5 Rb6 30. Rd6 Nxg2 31. Bxg2 Rxb5 32. b3 Rb4 33. h3 Rd4 34. Rxd4 Qxd4 35. Rd1 Qe5 36. Qd2 h6 37. Re1 Qc5 38. Rc1 Qe5 39. Qb4 Rd8 40. Qe7 Rf8 41. Qxa7 f4 42. Qc5 Qf6 43. Bf3 e5 44. Kh2 Bf5 45. Re1 Re8 46. Qc6 Rd8 47. Bd5+ Kf8 48. Qc5+ Qe7 49. Qxe7+ Kxe7 50. Bc4 e4 51. Re2 f3 52. Rb2 Rd1 53. b4 Rc1 54. Ba6 Re1 55. a4 Kf6 56. a5 Ke5 57. h4 Kf4 58. Bc4 Bh3 59. Ba2 Re2 0-1

[Event "BL2-Nord 9394"]
[Site "Germany"]
[Date "1994.??.??"]
[Round "?.3"]
[White "Hargens, Thomas"]
[Black "Rhodin, Christian"]
[Result "0-1"]
[WhiteElo "2280"]
[BlackElo "2245"]
[PlyCount "80"]
[EventDate "1993.10.??"]
[EventType "team-tourn"]
[EventRounds "9"]
[EventCountry "GER"]
[SourceTitle "GER-chT2"]
[Source "ChessBase"]
[SourceDate "1999.07.01"]
[SourceVersion "1"]
[SourceVersionDate "1999.07.01"]
[SourceQuality "1"]
[WhiteTeam "Koenig Tegel"]
[BlackTeam "Hamburger SG BUE"]
[WhiteTeamCountry "GER"]
[BlackTeamCountry "GER"]

1. d4 Nf6 2. Nf3 e6 3. e3 b6 4. Bd3 Bb7 5. 0-0 Be7 6. c4 c5 7. Nc3 cxd4 8. exd4 d5 9. cxd5 Nxd5 10. Bb5+ Bc6 11. Qa4 Qd7 12. Bxc6 Nxc6 13. Bd2 0-0 14. Rfe1 Rfd8 15. Ne5 Nxe5 16. dxe5 Nb4 17. Re2 Nd3 18. Qg4 Nxe5 19. Qe4 Bf6 20. Bf4 Ng6 21. Rd2 Qe8 22. Rxd8 Rxd8 23. Be3 Qd7 24. h3 Ne7 25. Qf3 Qc6 26. Qe2 Bxc3 27. Rc1 Nd5 28. Bd2 Qa4 29. Bxc3 Nxc3 30. bxc3 Qd7 31. Qe4 g6 32. Rc2 Qd1+ 33. Kh2 Qd3 34. Qa4 b5 35. Qb3 Qc4 36. Qb1 Rd3 37. Qb2 a6 38. Qa3 Qc6 39. g3 Rd1 40. g4 Qf3 0-1

[Event "BL2-Nord 9293"]
[Site "Germany"]
[Date "1993.??.??"]
[Round "?.5"]
[White "Federau, Juergen"]
[Black "Hargens, Thomas"]
[Result "1-0"]
[WhiteElo "2285"]
[BlackElo "2285"]
[PlyCount "77"]
[EventDate "1992.10.??"]
[EventType "team-tourn"]
[EventRounds "9"]
[EventCountry "GER"]
[SourceTitle "GER-chT2"]
[Source "ChessBase"]
[SourceDate "1999.07.01"]
[SourceVersion "1"]
[SourceVersionDate "1999.07.01"]
[SourceQuality "1"]
[WhiteTeam "Kreuzberg"]
[BlackTeam "Koenig Tegel"]
[WhiteTeamCountry "GER"]
[BlackTeamCountry "GER"]

1. d4 g6 2. e4 Bg7 3. f4 c6 4. Nf3 d5 5. e5 Bg4 6. Be3 h5 7. Nbd2 Nh6 8. h3 Bxf3 9. Nxf3 Nf5 10. Bf2 e6 11. g3 Nd7 12. Bd3 Qb6 13. 0-0 0-0-0 14. b3 Qc7 15. c4 dxc4 16. bxc4 Nb6 17. a4 Kb8 18. a5 Nc8 19. Qb3 Ka8 20. Rfb1 Bh6 21. h4 Rd7 22. Be4 Nce7 23. Ra4 Rhd8 24. Rb4 Bf8 25. Qa4 Qc8 26. a6 b6 27. c5 Nd5 28. Bxd5 cxd5 29. cxb6 axb6 30. Rxb6 Rc7 31. Kg2 Qd7 32. Qb3 Rcc8 33. Rb7 Qc6 34. a7 Qa6 35. Rb8+ Kxa7 36. Rb6 Qa5 37. Rb2 Rc3 38. Rb7+ Ka6 39. Ra7+ 1-0

[Event "BL2-Nord 9293"]
[Site "Germany"]
[Date "1992.??.??"]
[Round "?.5"]
[White "Hargens, Thomas"]
[Black "Krause, Ullrich"]
[Result "1-0"]
[WhiteElo "2285"]
[BlackElo "2340"]
[PlyCount "83"]
[EventDate "1992.10.??"]
[EventType "team-tourn"]
[EventRounds "9"]
[EventCountry "GER"]
[SourceTitle "GER-chT2"]
[Source "ChessBase"]
[SourceDate "1999.07.01"]
[SourceVersion "1"]
[SourceVersionDate "1999.07.01"]
[SourceQuality "1"]
[WhiteTeam "Koenig Tegel"]
[BlackTeam "Luebeck"]
[WhiteTeamCountry "GER"]
[BlackTeamCountry "GER"]

1. d4 f5 2. c4 Nf6 3. Nc3 g6 4. g3 Bg7 5. Bg2 0-0 6. Nf3 d6 7. 0-0 c6 8. b3 Ne4 9. Bb2 Nxc3 10. Bxc3 Nd7 11. Rc1 Nf6 12. e3 Ne4 13. Ba1 Qc7 14. Qc2 Bd7 15. Rfd1 Rae8 16. Nd2 Nxd2 17. Qxd2 Bc8 18. d5 Bxa1 19. Rxa1 c5 20. Re1 a6 21. Bf1 Bd7 22. e4 fxe4 23. Rxe4 Bf5 24. Re3 e5 25. dxe6 Rxe6 26. Bg2 Rxe3 27. Qxe3 b5 28. Bd5+ Kh8 29. Re1 b4 30. h3 Qg7 31. g4 Bd7 32. Qg3 Qf6 33. Re3 Re8 34. Rf3 Qe5 35. Qxe5+ dxe5 36. Rf7 Rd8 37. Re7 a5 38. Kg2 a4 39. Kf3 a3 40. Ke4 h6 41. Kxe5 h5 42. f3 1-0

[Event "BL2-Nord 9192"]
[Site "Germany"]
[Date "1992.??.??"]
[Round "?"]
[White "Volkmer, Andreas"]
[Black "Hargens, Thomas"]
[Result "1-0"]
[WhiteElo "2260"]
[BlackElo "2275"]
[PlyCount "121"]
[EventDate "1991.10.??"]
[EventType "team-tourn"]
[EventRounds "9"]
[EventCountry "GER"]
[SourceTitle "GER-chT2"]
[Source "ChessBase"]
[SourceDate "1999.07.01"]
[SourceVersion "1"]
[SourceVersionDate "1999.07.01"]
[SourceQuality "1"]

1. e4 c5 2. Nf3 Nc6 3. Nc3 d6 4. Bc4 Nf6 5. a3 g6 6. h3 Bg7 7. d3 0-0 8. Bg5 h6 9. Be3 e5 10. Nh2 Kh7 11. Ng4 Ng8 12. Nh2 f5 13. Nd5 Nce7 14. f3 Rb8 15. b4 b5 16. Ba2 Nxd5 17. Bxd5 Qe7 18. Qd2 Bb7 19. c4 bxc4 20. Bxc4 Nf6 21. 0-0 Rbc8 22. Rfc1 Rc7 23. Qa2 Nd7 24. Rc2 Nb6 25. Be6 f4 26. Bf2 Re8 27. Bc4 Bf8 28. Rac1 Nxc4 29. Qxc4 Rec8 30. bxc5 dxc5 31. Qc3 h5 32. Qa5 Qd6 33. Rc3 Ba6 34. Rd1 Rb7 35. Nf1 Rb5 36. Qa4 Rb2 37. Nd2 Bb5 38. Qxa7+ Rc7 39. Qa5 Be7 40. Nc4 Bxc4 41. Rxc4 Rb3 42. Kh2 Rb6 43. Rdc1 Rbc6 44. Qc3 g5 45. g4 fxg3+ 46. Bxg3 Qf6 47. Kg2 Bd6 48. Rf1 Rf7 49. Ra4 g4 50. hxg4 hxg4 51. Ra8 gxf3+ 52. Kf2 c4 53. Rh1+ Kg7 54. Rah8 Qg5 55. R1h7+ Kf6 56. Bh4 Bc5+ 57. Kf1 Qxh4 58. Rxh4 Bd4 59. Qb4 cxd3 60. R4h6+ Kg5 61. Qd2+ 1-0

[Event "Bundesliga 9091"]
[Site "Germany"]
[Date "1991.??.??"]
[Round "?.4"]
[White "Mueller, Karsten"]
[Black "Hargens, Thomas"]
[Result "1-0"]
[WhiteElo "2425"]
[BlackElo "2255"]
[PlyCount "145"]
[EventDate "1990.10.06"]
[EventType "team-tourn"]
[EventRounds "15"]
[EventCountry "GER"]
[SourceTitle "GER-chT"]
[Source "ChessBase"]
[SourceDate "1999.07.01"]
[SourceVersion "1"]
[SourceVersionDate "1999.07.01"]
[SourceQuality "1"]
[WhiteTeam "Hamburger SK"]
[BlackTeam "Koenig Tegel"]
[WhiteTeamCountry "GER"]
[BlackTeamCountry "GER"]

1. e4 d5 2. exd5 Qxd5 3. Nc3 Qd6 4. Bc4 Nf6 5. Nge2 a6 6. d4 b5 7. Bb3 Bb7 8. Bf4 Qd8 9. 0-0 e6 10. Ng3 b4 11. Na4 Nd5 12. Bd2 Nd7 13. Re1 Qh4 14. Ne4 Be7 15. c4 bxc3 16. bxc3 0-0 17. Qf3 Rab8 18. Qg3 Qxg3 19. hxg3 Rfc8 20. Rab1 N5f6 21. Ng5 h6 22. Nf3 Ne4 23. Be3 c5 24. Bc2 Bc6 25. Rxb8 Rxb8 26. Bf4 Rd8 27. Rxe4 Bxe4 28. Bxe4 cxd4 29. cxd4 g5 30. Be3 Rb8 31. Nc5 Nf6 32. Bd3 Rb2 33. a4 a5 34. Ne5 Nd5 35. Nc4 Ra2 36. Bd2 Bf6 37. Nb3 Rxa4 38. Bxa5 Be7 39. Kf1 Bb4 40. Bxb4 Nxb4 41. Ke2 Ra2+ 42. Ncd2 Kg7 43. Bc4 Rc2 44. Kd1 Rc3 45. Nc1 Ra3 46. Ndb3 Ra8 47. Kd2 Rc8 48. Bd3 Nd5 49. Ne2 Rb8 50. Bc2 Rc8 51. Nc5 Ra8 52. Nc3 Ne7 53. Be4 Ra1 54. g4 Ra5 55. Kd3 Ra1 56. g3 Nc8 57. d5 exd5 58. Bxd5 Ra5 59. Kd4 Ra1 60. Be4 Rf1 61. Ke3 Nd6 62. Bd3 Rh1 63. Kd4 Ne8 64. Nd5 Nf6 65. Ne3 h5 66. Nf5+ Kf8 67. gxh5 Rxh5 68. f3 Rh3 69. Ke5 Nh5 70. Nd7+ Kg8 71. Nf6+ Nxf6 72. Kxf6 Kf8 73. Bc4 1-0

[Event "Bundesliga 9091"]
[Site "Germany"]
[Date "1990.??.??"]
[Round "?.4"]
[White "Hargens, Thomas"]
[Black "Mohr, Stefan"]
[Result "0-1"]
[WhiteElo "2255"]
[BlackElo "2430"]
[PlyCount "98"]
[EventDate "1990.10.06"]
[EventType "team-tourn"]
[EventRounds "15"]
[EventCountry "GER"]
[SourceTitle "GER-chT"]
[Source "ChessBase"]
[SourceDate "1999.07.01"]
[SourceVersion "1"]
[SourceVersionDate "1999.07.01"]
[SourceQuality "1"]
[WhiteTeam "Koenig Tegel"]
[BlackTeam "Solingen"]
[WhiteTeamCountry "GER"]
[BlackTeamCountry "GER"]

1. d4 Nf6 2. Nc3 d5 3. Bg5 e6 4. e4 Bb4 5. exd5 Qxd5 6. Bxf6 gxf6 7. Nge2 Nc6 8. Qd2 Bxc3 9. Qxc3 Bd7 10. Rg1 0-0-0 11. g3 e5 12. Bg2 exd4 13. Qd2 Qc4 14. Be4 Rhe8 15. f3 f5 16. Bd3 Qd5 17. f4 Re3 18. b3 Qc5 19. a3 Ne7 20. b4 Qd5 21. c4 Qe6 22. Kf2 Ba4 23. Rge1 c5 24. b5 Ng8 25. Ng1 Nf6 26. Nf3 Ng4+ 27. Kg1 b6 28. Ng5 Qf6 29. Qg2 Kb8 30. h3 Rxe1+ 31. Rxe1 Ne3 32. Qf2 h6 33. Nf3 Qg7 34. Ne5 Rg8 35. Kh2 f6 36. Nc6+ Kc7 37. Qf3 Bb3 38. Nxa7 Qd7 39. a4 Re8 40. a5 Ng4+ 41. hxg4 Rxe1 42. Bxf5 Qe8 43. Kh3 Bd1 44. Qd5 h5 45. g5 fxg5 46. fxg5 Bg4+ 47. Bxg4 hxg4+ 48. Kh4 Rh1+ 49. Kxg4 Qh5+ 0-1

[Event "Bundesliga 9091"]
[Site "Germany"]
[Date "1990.??.??"]
[Round "?.4"]
[White "Hargens, Thomas"]
[Black "Wolf, Volker"]
[Result "1-0"]
[WhiteElo "2255"]
[BlackElo "2310"]
[PlyCount "81"]
[EventDate "1990.10.06"]
[EventType "team-tourn"]
[EventRounds "15"]
[EventCountry "GER"]
[SourceTitle "GER-chT"]
[Source "ChessBase"]
[SourceDate "1999.07.01"]
[SourceVersion "1"]
[SourceVersionDate "1999.07.01"]
[SourceQuality "1"]
[WhiteTeam "Koenig Tegel"]
[BlackTeam "Koblenz"]
[WhiteTeamCountry "GER"]
[BlackTeamCountry "GER"]

1. d4 e6 2. e4 d5 3. exd5 exd5 4. Nc3 c6 5. Bd3 Bd6 6. Qf3 Nf6 7. Bf4 0-0 8. h3 Re8+ 9. Nge2 Bxf4 10. Qxf4 Nbd7 11. 0-0-0 Nf8 12. f3 Ng6 13. Qh2 b5 14. Kb1 b4 15. Na4 Bf5 16. Bxf5 Rxe2 17. Bd3 Re3 18. Rhe1 Qe7 19. Qg1 Re8 20. Rxe3 Qxe3 21. Ba6 Qxg1 22. Rxg1 Nf4 23. b3 Ne6 24. Rd1 Rb8 25. Kb2 Nd7 26. a3 Nb6 27. Nc5 Nxc5 28. dxc5 Nd7 29. axb4 Rxb4 30. Ka3 Rf4 31. b4 Nb8 32. Bb7 Rc4 33. Kb3 a5 34. c3 Kf8 35. Ra1 axb4 36. cxb4 Ke7 37. Ra8 Nd7 38. Bxc6 Nxc5+ 39. bxc5 Rxc5 40. Ra7+ Ke6 41. Be8 1-0

[Event "Bundesliga 9091"]
[Site "Germany"]
[Date "1990.??.??"]
[Round "?.4"]
[White "Mack, Peter"]
[Black "Hargens, Thomas"]
[Result "1/2-1/2"]
[WhiteElo "2300"]
[BlackElo "2255"]
[PlyCount "100"]
[EventDate "1990.10.06"]
[EventType "team-tourn"]
[EventRounds "15"]
[EventCountry "GER"]
[SourceTitle "GER-chT"]
[Source "ChessBase"]
[SourceDate "1999.07.01"]
[SourceVersion "1"]
[SourceVersionDate "1999.07.01"]
[SourceQuality "1"]
[WhiteTeam "Heidelberg"]
[BlackTeam "Koenig Tegel"]
[WhiteTeamCountry "GER"]
[BlackTeamCountry "GER"]

1. Nf3 Nf6 2. g3 b6 3. Bg2 Bb7 4. 0-0 c5 5. d3 g6 6. e4 d6 7. Nbd2 Bg7 8. Qe2 Nfd7 9. Re1 0-0 10. Nf1 Nc6 11. c3 Ba6 12. Nh4 Qc7 13. Ne3 Rae8 14. f4 e6 15. g4 Qd8 16. Qf2 g5 17. fxg5 Nde5 18. Nc4 Ng6 19. e5 Ncxe5 20. Nxe5 Nxe5 21. Qg3 d5 22. Bf4 f6 23. gxf6 Qxf6 24. Rf1 Ng6 25. Nxg6 Qxg6 26. Rad1 Kh8 27. Rfe1 Bc8 28. Be5 Rf7 29. h4 Rg8 30. Bh3 Bxe5 31. Rxe5 Rf5 32. Rde1 h6 33. Kh2 Rxe5 34. Rxe5 Qf7 35. Qe3 Rg6 36. Kg3 Kg8 37. Bg2 Qg7 38. Bf3 Bd7 39. c4 dxc4 40. dxc4 Kh8 41. Kh3 Qf6 42. g5 hxg5 43. hxg5 Qf8 44. Be2 Rg7 45. Bd3 Be8 46. Kg2 Bc6+ 47. Kg1 Qf3 48. Qxf3 Bxf3 49. Kf2 Bh5 50. Ke3 Kg8 1/2-1/2